|
|
|
|
| LEADER |
00000nam a2200000 a 4500 |
| 001 |
vtls011717085 |
| 003 |
SK-MaSNL |
| 005 |
20260302020338.0 |
| 008 |
201207s2016 xo a g n 000 0 slo |
| 015 |
|
|
|a SNBA2017/11
|
| 020 |
|
|
|a 9788055324708
|q (brož.)
|
| 035 |
|
|
|a A55E69A9-EA86-420A-82EE-64366727B9D3
|
| 035 |
|
|
|a urn:nbn:sk:snk-am3ibfa
|
| 035 |
|
|
|a urn:nbn:sk:snk-am00e0w2
|
| 040 |
|
|
|a SNK
|b slo
|c SNK
|e AACR2
|
| 041 |
0 |
|
|a slo
|
| 044 |
|
|
|a xo
|c SK
|
| 072 |
|
7 |
|a 658
|x Riadenie a správa podniku
|2 konspekt
|
| 080 |
|
|
|a 658
|2 2011
|
| 080 |
|
|
|a (048.8)
|2 2011
|
| 245 |
0 |
0 |
|a Podnikový manažment
|c Jozef Mihok ... [et al.]
|
| 250 |
|
|
|a 1. vyd.
|
| 260 |
|
|
|a V Košiciach
|b Technická univerzita, Univerzitná knižnica
|c 2016
|
| 300 |
|
|
|a 425 s.
|b ilustr., tab.
|c 26 cm
|
| 490 |
1 |
|
|a Edícia vedeckej a odbornej literatúry
|
| 504 |
|
|
|a Bibliogr.: s. 409-416 ; zoz. obr. a tab.
|
| 650 |
0 |
7 |
|a podnikový manažment
|2 SNKPH
|9 3483
|
| 650 |
0 |
7 |
|a Industrial management
|2 SNKPHeng
|9 265455
|
| 655 |
|
7 |
|a monografie
|2 SNKPH
|9 70139
|
| 655 |
|
7 |
|a Monographs
|2 SNKPHeng
|9 120675
|
| 700 |
1 |
|
|a Mihok, Jozef,
|d 1950-
|4 aut
|9 98334
|
| 700 |
1 |
|
|a Kováč, Jozef,
|d 1952-
|4 aut
|9 222685
|
| 700 |
1 |
|
|a Trebuňa, Peter,
|d 1980-
|4 aut
|9 223362
|
| 700 |
1 |
|
|a Kádárová, Jaroslava,
|d 1975-
|4 aut
|9 186015
|
| 700 |
1 |
|
|a Rudy, Vladimír,
|d 1959-
|4 aut
|9 151287
|
| 752 |
|
|
|a Slovensko
|d Košice
|
| 810 |
2 |
|
|a Technická univerzita v Košiciach
|t Edícia vedeckej a odbornej literatúry
|9 210150
|
| 919 |
|
|
|a 978-80-553-2470-8
|
| 958 |
|
|
|a NB
|
| 999 |
|
|
|c 1024779
|d 1026709
|
| 952 |
|
|
|a SNK
|b SNK
|y PREZ
|7 0
|p 17A1303650
|o snkSC 176631
|i snk2017/23372
|8 0
|0 0
|1 0
|4 0
|d 2017-10-24
|f 1
|l 0
|r 2025-09-18 00:00:00
|w 2026-02-24
|
| 952 |
|
|
|a SNK
|b SNK
|y VYP
|7 0
|p 17A1303651
|o snkSC 176631 D1
|i snk2017/23373
|8 0
|0 0
|1 0
|4 0
|d 2017-10-24
|l 0
|r 2026-02-24 13:35:39
|w 2026-02-24
|